Dynamics of India's population growth (Record no. 353852)

000 -LEADER
fixed length control field 00333cam a22001217a 4500
008 - FIXED-LENGTH DATA ELEMENTS--GENERAL INFORMATION
fixed length control field 180718b1979 xxu||||| |||| 00| 0 eng d
082 ## - DEWEY DECIMAL CLASSIFICATION NUMBER
Classification number B12x54 Si64
100 ## - MAIN ENTRY--PERSONAL NAME
Personal name Sinha, V.C.
245 ## - TITLE STATEMENT
Title Dynamics of India's population growth
Statement of responsibility, etc. by V.C. Sinha
260 ## - PUBLICATION, DISTRIBUTION, ETC.
Place of publication, distribution, etc. New Delhi
Name of publisher, distributor, etc. National
Date of publication, distribution, etc. 1979
300 ## - PHYSICAL DESCRIPTION
Extent 506p.
650 ## - SUBJECT ADDED ENTRY--TOPICAL TERM
Topical term or geographic name entry element Population - India
Holdings
Withdrawn status Lost status Damaged status Not for loan Permanent Location Current Location Date acquired Full call number Barcode Date last seen Price effective from Koha item type
        Indian Institute of Public Administration Indian Institute of Public Administration 1993-12-06 B12x54 Si64 55569 2018-07-21 2018-07-21 Book

Powered by Koha